| 000 | 00479nam a2200169 i 4500 | ||
|---|---|---|---|
| 001 | 29752 | ||
| 003 | ES-MaACL | ||
| 005 | 20231224062912.0 | ||
| 007 | t| | ||
| 008 | 030122q19101999sp |||| | spa d | ||
| 100 | 1 |
_aBaroja, Pío, _d1872-1956 _925752 |
|
| 245 | 1 | 0 |
_aCamino de perfección _b: (pasión mística) : novela / _cPío Baroja. |
| 260 |
_aMadrid : _bB. Rodríguez Serra, _c[1910?] |
||
| 300 |
_a282 p. ; _c18 cm. |
||
| 852 |
_aES-MaACL _jB-5748 |
||
| 999 |
_c29752 _d29752 |
||